{"text_format":"3","workbook":"xlsx","n_sheets":1,"sheets":["Table 1"],"not_rendered":{"images":3},"read":"whole","date_system":"1900"}

{"sheet":"Table 1","index":0,"n_rows":70,"n_cols":11,"rows_kept":70,"merged":[[0,1,0,3],[0,4,0,11],[1,0,1,1],[1,3,1,4],[2,0,2,1],[2,3,2,4],[3,0,3,1],[3,3,3,4],[4,0,4,1],[4,3,4,4],[5,0,5,1],[5,3,5,4],[6,0,6,1],[6,3,6,4],[7,0,7,1],[7,3,7,4],[8,0,8,1],[8,3,8,4],[9,0,9,1],[9,3,9,4],[10,0,10,1],[10,3,10,4],[11,0,11,1],[11,3,11,4],[12,0,12,1],[12,3,12,4],[13,0,13,1],[13,3,13,4],[14,0,14,1],[14,3,14,4],[15,0,15,1],[15,3,15,4],[16,0,16,1],[16,3,16,4],[17,0,17,1],[17,3,17,4],[18,0,18,1],[18,3,18,4],[19,0,19,1],[19,3,19,4],[20,0,20,1],[20,3,20,4],[21,0,21,1],[21,3,21,4],[22,0,22,1],[22,3,22,4],[23,0,23,1],[23,3,23,4],[24,0,24,1],[24,3,24,4],[25,0,25,1],[25,3,25,4],[26,0,26,1],[26,3,26,4],[27,0,27,1],[27,3,27,4],[28,0,28,1],[28,3,28,4],[29,0,29,1],[29,3,29,4],[30,0,30,1],[30,3,30,4],[31,0,31,1],[31,3,31,4],[32,0,32,1],[32,3,32,4],[33,0,33,1],[33,3,33,4],[34,0,34,1],[34,3,34,4],[35,0,35,1],[35,3,35,4],[36,0,36,1],[36,3,36,4],[37,0,37,1],[37,3,37,4],[38,0,38,1],[38,3,38,4],[39,0,39,1],[39,3,39,4],[40,0,40,1],[40,3,40,4],[41,0,41,1],[41,3,41,4],[42,0,42,1],[42,3,42,4],[43,0,43,1],[43,3,43,4],[44,0,44,1],[44,3,44,4],[45,0,45,1],[45,3,45,4],[46,0,46,1],[46,3,46,4],[47,0,47,1],[47,3,47,4],[48,0,48,1],[48,3,48,4],[49,0,49,1],[49,3,49,4],[50,0,50,1],[50,3,50,4],[51,0,51,1],[51,3,51,4],[52,0,52,1],[52,3,52,4],[53,0,53,1],[53,3,53,4],[54,0,54,1],[54,3,54,4],[55,0,55,1],[55,3,55,4],[56,0,56,1],[56,3,56,4],[57,0,57,1],[57,3,57,4],[58,0,58,1],[58,3,58,4],[59,0,59,1],[59,3,59,4],[60,0,60,1],[60,3,60,4],[61,0,61,1],[61,3,61,4],[62,0,62,1],[62,3,62,4],[63,0,63,1],[63,3,63,4],[64,0,64,1],[64,3,64,4],[65,0,65,1],[65,3,65,4],[66,0,66,1],[66,3,66,4],[67,0,67,1],[67,3,67,4],[68,0,68,11],[69,0,69,11]]}
["HOSPITAL  HONDO VAŁLE ALMACEN DE ALIMENTOS\nMES DE DłClEMBRE","AÑO 2025",null,null,"lNfORMEMENSUAL"]
["8IEN",null,"UNIDAD DE\nMEDIDA","EXISTENCIA\nANTERIOR",null,"ENT     ÖÃ","EXISTENCIA\nru•r","TOTAL\nco•SUuiO","VALOR\nUNITARIO","VALOR TOTAL\nCONSUMIDO","VALOR TOTAŁ\nEXISTENCIA FINAL"]
["ACEITE DIAMNTE",null,"GALONE",28,null,0,23,5,{"v":375,"d":"$ 375.00"},{"v":1875,"d":"1,875.00"},{"v":8625,"d":"8,625.00"}]
["ARROZ, LIBRA",null,"LIBRA",600,null,0,"2S0",350,"Ş28.00",{"v":9800,"d":"9,800.00"},{"v":7000,"d":"7,000.00"}]
["\\9ENA QUAKER",null,"UNIDAD",40,null,"O","2O","2U","ș   0.UU","i,    UU.UU","z,OUU.UU"]
["GUANDULES  VERDFS",null,"UNIDAD",49,null,null,19,30,{"v":50,"d":"$50.00"},{"v":1500,"d":"1,500.00"},"9S0.00"]
["AZLŁCAR CREMA",null,"VIDRA","26P",null,0,200,50,538.88,"1,944.UU",{"v":7776,"d":"7,776.00"}]
["BACALAO",null,"LIBRA",10,null,15,15,10,{"v":220,"d":"$220.00"},{"v":2200,"d":"2,200.00"},{"v":3300,"d":"3,300.00"}]
["CAFE TINTO",null,"SOBRE",852,null,null,600,"2S2","Ş18.00",{"v":4536,"d":"4,536.00"},{"v":10800,"d":"10,800.00"}]
["CANELA ,LIBRA",null,"LIBRA",6,null,1,"4.S",2.5,{"v":100,"d":"$100.00"},{"v":250,"d":"250.00"},{"v":450,"d":"450.00"}]
["JÕ   ÏGANIZA,LIBRA",null,"ïigR","z0",null,"1s",25,"1o","s1oo.o0",{"v":1000,"d":"1,000.00"},{"v":2500,"d":"2,500.00"}]
["CARNATION LECHE",null,"UNIDAD",179,null,0,70,109,{"v":71.25,"d":"$71.25"},{"v":7766.25,"d":"7,766.25"},{"v":4987.5,"d":"4,987.50"}]
["LECHE DE COCO",null,"UNIDAD",61,null,0,47,14,{"v":80,"d":"$80.00"},{"v":1120,"d":"1,120.00"},{"v":3760,"d":"3,760.00"}]
["CARNE DE RES,LIBRA",null,"LIBRA",41,null,0,20,21,"Ş205.00",{"v":4305,"d":"4,305.00"},{"v":4100,"d":"4,100.00"}]
["CEBOLLA,LIBRA",null,"LIBRA",80,null,0,10,70,{"v":60,"d":"$60.00"},{"v":4200,"d":"4,200.00"},{"v":600,"d":"600.00"}]
["CARNE DE CERDO,LB",null,"LIBRA",120,null,0,0,120,{"v":160,"d":"$160.00"},{"v":19200,"d":"19,200.00"}]
["CHOCOLATE  TABLETA",null,"UNIOAD",300,null,0,8,292,{"v":10,"d":"$10.00"},{"v":2920,"d":"2,920.00"},{"v":80,"d":"80.00"}]
["CHULETA,LIBRA",null,"LIBRA",55,null,0,20.5,34.5,{"v":145,"d":"$145.00"},{"v":5002.5,"d":"5,002.50"},"2,972.SO"]
["CODITOS,LIBRA",null,"LIBRA",10,null,0,8,2,{"v":40,"d":"$40.00"},{"v":80,"d":"80.00"},{"v":320,"d":"320.00"}]
["FIDEOS,LIBRA          ",null,"LIBRA",20,null,0,18,2,{"v":40,"d":"$40.00"},{"v":80,"d":"80.00"},{"v":720,"d":"720.00"}]
["GALLETAS HATUEY-",null,"UNIDAD",720,null,0,6,712,"Ş10.00",{"v":7120,"d":"7,120.00"},{"v":80,"d":"80.00"}]
["GUANDULES  CON COCO",null,"UNIDAD",124,null,0,108,16,{"v":95,"d":"$95.00"},{"v":1520,"d":"1,520.00"},{"v":10260,"d":"10,260.00"}]
["HABICHUELAS JIRAS",null,"LIBRA",51,null,0,"S0",1,{"v":46.24,"d":"$46.24"},46.24,{"v":2312,"d":"2,312.00"}]
["HARINA MAZORCA",null,"UNIDAD",25,null,0,10,"1S",{"v":35,"d":"$35.00"},{"v":525,"d":"525.00"},{"v":350,"d":"350.00"}]
["MAIZ DULCE",null,"UNIDAD",82,null,null,70,12,{"v":85.41,"d":"$85.41"},{"v":1024.92,"d":"1,024.92"},{"v":5978.7,"d":"5,978.70"}]
["JAMON",null,"LIBRA",40,null,0,0,40,"Ş1B0.00",{"v":7200,"d":"7,200.00"}]
["AJO",null,"LIBRA",0,null,15,15,0,"Ş1S0.00",null,{"v":2250,"d":"2,250.00"}]
["/ui cusANELA",null,"LIBRA",20,null,0,0,20,{"v":40,"d":"$40.00"},{"v":800,"d":"800.00"}]
["TOMATE BUGALU",null,"LIBRA",11,null,0,0,11,{"v":50,"d":"$50.00"},{"v":550,"d":"550.00"}]
["TOMATE DE ENSALADA",null,"LIBhA",0,null,null,0,null,"Ş70.00"]
["PEPINO",null,"LIBRA",5,null,null,0,5,{"v":50,"d":"$50.00"},{"v":250,"d":"250.00"}]
["ZANAHORIA",null,"LIBRA",30,null,0,0,30,{"v":60,"d":"$60.00"},{"v":1800,"d":"1,800.00"}]
["LECHUGA",null,"LIBRA",0,null,null,0,null,{"v":75,"d":"$75.00"}]
["TAYOTA",null,"LIBRA",15,null,0,0,15,"Ç40.00",{"v":600,"d":"600.00"}]
["REPOLLO",null,"UNIDAD",5,null,null,2,3,"Ş37.50",{"v":112.5,"d":"112.50"},{"v":75,"d":"75.00"}]
["BERENJENA",null,"LIBRA",20,null,0,0,20,"Ş40.00",{"v":800,"d":"800.00"}]
["YUCA , LIBRA",null,"LIBRA",25,null,0,0,25,{"v":25,"d":"$25.00"},{"v":625,"d":"625.00"}]
["HAUYAMA",null,"LIBRA",40,null,"D",null,40,{"v":535,"d":"535.00"},{"v":1400,"d":"1,400.00"}]
["VASO PLASTICO S",null,"PAQUETE",175,null,null,161,14,{"v":56,"d":"$56.00"},{"v":784,"d":"784.00"},{"v":9016,"d":"9,016.00"}]
["PLATO  PLASIICO",null,"UNIDAD",600,null,null,570,30,"Ş8.70",{"v":261,"d":"261.00"},{"v":4959,"d":"4,959.00"}]
["TCNEDOR PLASTICO",null,"PAQUETE","S2",null,null,49,3,"fi36.41",109.23,{"v":1784.09,"d":"1,784.09"}]
["TOALLA OE COCINA",null,"UNIDAD",12,null,"W",null,2,"S8S.00",{"v":170,"d":"170.00"},"65ÂOd"]
["CUCHILLO DE COCINA",null,"UNIDAD","z",null,2,3,1,"Ș175.00",{"v":175,"d":"175.00"},{"v":525,"d":"525.00"}]
["CUCHARA PLASTICA",null,"PAQUETE",24,null,0,22,2,{"v":36.41,"d":"$36.41"},72.82,801.02]
["VAbU PLASRICO IU",null,"F'AQuk ‹u","L7D",null,null,"16U","1b","Ș7U.UO","S,12U.OU","1S,ZOLI.00"]
["VASO PLASTICO 7",null,"PAQUETE",130,null,0,100,30,{"v":70,"d":"$70.00"},{"v":2100,"d":"2,100.00"},{"v":7000,"d":"7,000.00"}]
["MALTA INDIA",null,"UNIDAD",130,null,0,0,130,{"v":30.5,"d":"$30.50"},{"v":3965,"d":"3,965.00"}]
["FUbFORO",null,"UNIUAU","S67",null,null,"s5U","1z","Șs.UO","s5.0O"]
["SERVILLETAS PAQUETE",null,"PAQUETE",88,null,0,0,8,"Ș140.00",{"v":1120,"d":"1,120.00"},{"v":4200,"d":"4,200.00"}]
["PASTA DE TOMATE",null,"UNIDAD",13,null,null,9,4,{"v":185,"d":"$185.00"},{"v":740,"d":"740.00"},{"v":1665,"d":"1,665.00"}]
["PAPA",null,"LId8A",150,null,"O",null,"1S0","s55.00","g,zsU.UO"]
["QUESO AMARILLO",null,"LIBRA",30,null,0,4,26,{"v":5280,"d":"5280.00"},{"v":7280,"d":"7,280.00"},{"v":1120,"d":"1,120.00"}]
["SAL MOVIDA LIBRA",null,"LIBRA","/2",null,0,60,12,{"v":315,"d":"315.00"},{"v":180,"d":"180.00"},{"v":900,"d":"900.00"}]
["SALAMI INDUVECA",null,"LIBRA","o",null,null,"o",null,"siso.oo"]
["SOPITA",null,"UNIDAD",523,null,0,389,134,{"v":10,"d":"$10.00"},{"v":1340,"d":"1,340.00"},{"v":3890,"d":"3,890.00"}]
["SPAGUETTIS",null,"LIBRA",37,null,0,33,4,"S4O.00",{"v":160,"d":"160.00"},{"v":1320,"d":"1,320.00"}]
["VINAGRE",null,"GALONE",23,null,0,19,4,{"v":150,"d":"$150.00"},{"v":600,"d":"600.00"},{"v":2850,"d":"2,850.00"}]
["CHENCHEN",null,"LIBRA",60,null,0,20,40,{"v":35,"d":"$35.00"},{"v":1400,"d":"1,400.00"},{"v":700,"d":"700.00"}]
["TRIGO",null,"LIBRA",30,null,null,26,4,{"v":55,"d":"$55.00"},{"v":220,"d":"220.00"},{"v":1430,"d":"1,430.00"}]
["MAYO     SA",null,"LIBRA",30,{"$nulls":3},10,"s100.00","t,0o0.00","7,00900"]
["JUGO PARA LA MERfENUA",null,"UNIL3AU",63,null,"U","4b",515,"Ș25.UO","I2,875.OO","I,2O0UD"]
["ATUN EN TROZO",null,"UNIDAD",107,null,0,70,37,"S95.00",{"v":3515,"d":"3,515.00"},{"v":6650,"d":"6,650.00"}]
["QUESO BLANCO",null,"LIBRA",40,null,0,2,38,"Ș200.00",{"v":7600,"d":"7,600.00"},"400.0U"]
["LECHE LISTAMILK",null,"LITRO",48,null,0,45,3,{"v":85.58,"d":"$85.58"},256.74,"3,851. 10"]
["MANTEQUILLA",null,"LIBRA",18.3,null,0,9,9.3,{"v":70,"d":"$70.00"},{"v":651,"d":"651.00"},{"v":630,"d":"630.00"}]
["MAIZENA",null,"UNIDAD",20,null,0,15,"s",{"v":100,"d":"$100.00"},{"v":500,"d":"500.00"},"1,SO0.OO"]
["HUEVO",null,"UNIDAD",420,null,0,0,420,{"v":200,"d":"$200.00"},{"v":84000,"d":"84,000.00"}]
["FUNDA DE PAN",null,"FUNDA",23,null,0,2,21,"$S0.00",{"v":1050,"d":"1,050.00"},{"v":100,"d":"100.00"}]
["Valor Consumido =     $        235,532.20\nValor Total Exist. Final =     $        155,337.91"]
[",“           '      '‹"]